书目信息 |
| 题名: |
思想的踪迹
|
|
| 作者: | 张颐武 | |
| 分册: | ||
| 出版信息: | 北京 北京大学 2002 |
|
| 页数: | 313页 | |
| 开本: | 19cm | |
| 丛书名: | ||
| 单 册: | ||
| 中图分类: | G04 | |
| 科图分类: | ||
| 主题词: | 传统文化--关系--现代文化 , 现代文化 , 传统文化 | |
| 电子资源: | ||
| ISBN: | 7-301-05383-5 | |
| 000 | 00651nam0 2200217 450 | |
| 001 | 0753865015 | |
| 005 | 20070818145745.01 | |
| 010 | @a7-301-05383-5@d¥15.00 | |
| 100 | @a20070818d km y0chiy0120 ea | |
| 101 | 0 | @achi |
| 200 | 1 | @a思想的踪迹@Asi xiang de zong ji@e一个批评者的跨文化观察@f张颐武@Fzhang yi wu |
| 210 | @a北京@c北京大学@d2002 | |
| 215 | @a313页@d19cm | |
| 517 | 1 | @a一个批评者的跨文化观察@Ayi ge pi ping zhe de kua wen hua guan cha |
| 606 | 0 | @a传统文化@x关系@x现代文化 |
| 606 | 0 | @a现代文化 |
| 606 | 0 | @a传统文化 |
| 690 | @aG04@v3 | |
| 701 | 0 | @a张颐武@Azhang yi wu |
| 801 | 0 | @aCN@bPFT@c20070818 |
| 905 | @a213230@dG04@ee22@f1 | |
| 思想的踪迹:一个批评者的跨文化观察/张颐武.-北京:北京大学,2002 |
| 313页;19cm |
| ISBN 7-301-05383-5:¥15.00 |
| ● |
| 相关链接 |
|
|
|
|
正题名:思想的踪迹
索取号:G04/e22
 
预约/预借
| 序号 | 登录号 | 条形码 | 馆藏地/架位号 | 状态 | 备注 |
| 1 | 6304079 | 263040792 | 教育系资料室/ [索取号:G04/e22] | 在馆 | |
| 2 | 6304080 | 263040809 | 教育系资料室/ [索取号:G04/e22] | 在馆 |